đź“–150 premiers mots "Sur la route" Jack Kerouac - Statistiques

Statistiques générales
  • Ce quiz a Ă©tĂ© pris 35 fois
  • Le rĂ©sultat moyen est 85 sur 150
Statistiques - réponses
Mots % Correct
Ă 
100%
a
100%
Angeles.
100%
et
100%
J'
100%
j'
100%
Moriarty
100%
n'
100%
Salt
100%
Chad
90%
City
90%
d'
90%
de
90%
Dean
90%
il
90%
l'
90%
Lake
90%
le
90%
Los
90%
pour
90%
Pour
90%
ai
80%
bagnole,
80%
elle
80%
je
80%
la
80%
ma
80%
"ma
80%
me
80%
né,
80%
pas
80%
qu'
80%
avais
70%
Avec
70%
des
70%
en
70%
étais
70%
était
70%
Les
70%
mon
70%
on
70%
que
70%
route".
70%
route
70%
route,
70%
sur
70%
une
70%
y
70%
car
60%
est
60%
jamais.
60%
moi.
60%
qui
60%
ses
60%
dans
50%
dire
50%
dont
50%
tout
50%
vie
50%
aller
40%
connu
40%
femme
40%
King,
40%
lui
40%
rien
40%
temps
40%
alors
30%
après
30%
été
30%
peu
30%
toujours
30%
1926
20%
ait
20%
cette
20%
gagner
20%
Ouest
20%
parents
20%
voir
20%
arrivée
10%
maladie
10%
pays,
10%
peine
10%
pourrait
10%
premiers
10%
projets
10%
remis
10%
rupture,
10%
sinon
10%
traversaient
10%
Auparavant
0%
baptiser
0%
chapitre
0%
commença
0%
déprimante
0%
échos
0%
étrangère
0%
eus
0%
exécutais
0%
formant
0%
foutu.
0%
grave
0%
impression
0%
lamentable
0%
lettres ...
0%
montra
0%
parfait,
0%
rêvé
0%
rompu
0%
souvent
0%
type
0%
vagues
0%
vinrent
0%
Aucun quiz correspondant
Distribution des résultats
% des personnes avec chaque résultat
Percentile par nombre de réponses
Votre historique - résultats
Vous n’avez pas pris ce quiz